[Event "41st Olympiad Women 2014"]
[Site "Tromso NOR"]
[Date "2014.08.05"]
[Round "4.2"]
[Board "4"]
[White "Olsarova, Tereza"]
[Black "Hagesather, Ellen"]
[Result "1-0"]
[WhiteTitle "WIM"]
[BlackTitle "WIM"]
[WhiteElo "2271"]
[BlackElo "2182"]
[WhiteTeam "Czech Republic"]
[BlackTeam "Norway"]
[WhiteFideId "325449"]
[BlackFideId "1501909"]
[EventDate "2014.08.02"]

1. e4 d6 2. d4 Nf6 3. Nc3 g6 4. Be3 c6 5. h3 Nbd7 6. f4 b5 7. a3 Bb7 8. e5 Nd5
9. Nxd5 cxd5 10. Nf3 e6 11. Bd3 a6 12. O-O Qb6 13. Qe2 Be7 14. Kh1 Qc6 15. Bf2
Nb6 16. b3 Bc8 17. Bh4 Ra7 18. Qf2 Qc7 19. Rae1 Qd8 20. Bxe7 Rxe7 21. Qh4 Rb7
22. Qh6 Kd7 23. a4 bxa4 24. Bxa6 Ra7 25. Bb5+ Kc7 26. exd6+ Qxd6 27. Qg7 Qf8 28.
Qe5+ Kb7 29. bxa4 f6 30. Qe2 Qd6 31. Ra1 Bd7 32. a5 Rha8 33. a6+ Kc8 34. Nd2
Bxb5 35. Qxb5 Nd7 36. c4 Qb6 37. Rab1 Rxa6 38. cxd5 Qxb5 39. Rxb5 exd5 40. Rxd5
Ra1 41. Rxa1 Rxa1+ 42. Kh2 Kc7 43. Nb3 Rf1 44. f5 gxf5 45. Nd2 Rf4 46. Kg3 1-0

[Event "41st Olympiad Women 2014"]
[Site "Tromso NOR"]
[Date "2014.08.05"]
[Round "4.3"]
[Board "1"]
[White "Hou, Yifan"]
[Black "Mamedjarova, Zeinab"]
[Result "1-0"]
[WhiteTitle "GM"]
[BlackTitle "WGM"]
[WhiteElo "2661"]
[BlackElo "2229"]
[WhiteTeam "China"]
[BlackTeam "Azerbaijan"]
[WhiteFideId "8602980"]
[BlackFideId "13401521"]
[EventDate "2014.08.02"]

1. c4 f5 2. Nc3 Nf6 3. g3 e6 4. Bg2 d5 5. d4 c6 6. Nf3 Be7 7. O-O O-O 8. b3 Ne4
9. Bb2 b6 10. Ne5 Bb7 11. Nxe4 fxe4 12. Bh3 Rf6 13. f3 Rh6 14. Bg4 Nd7 15. Nxd7
Qxd7 16. fxe4 dxe4 17. Qc2 e3 18. Qe4 Rg6 19. Rad1 Rd8 20. Bh5 Rh6 21. Bf3 Bg5
22. Qe5 Qe7 23. Ba3 Qf6 24. Qc7 Qg6 25. Bh5 1-0

[Event "41st Olympiad Women 2014"]
[Site "Tromso NOR"]
[Date "2014.08.05"]
[Round "4.3"]
[Board "2"]
[White "Mammadova, Gulnar"]
[Black "Ju, Wenjun"]
[Result "1/2-1/2"]
[WhiteTitle "WGM"]
[BlackTitle "WGM"]
[WhiteElo "2334"]
[BlackElo "2559"]
[WhiteTeam "Azerbaijan"]
[BlackTeam "China"]
[WhiteFideId "13403508"]
[BlackFideId "8603006"]
[EventDate "2014.08.02"]

1. e4 c5 2. Nf3 e6 3. c3 Nf6 4. e5 Nd5 5. d4 cxd4 6. cxd4 b6 7. Nc3 Nxc3 8. bxc3
Qc7 9. Bd2 Bb7 10. Bd3 d6 11. O-O Be7 12. Re1 Nd7 13. Bf4 O-O 14. Rc1 g6 15. h3
Rac8 16. Be4 Bxe4 17. Rxe4 dxe5 18. Nxe5 Nxe5 19. Bxe5 Bd6 20. Bf6 Be7 21. Be5
Bd6 22. Bf6 Be7 23. Be5 1/2-1/2

[Event "41st Olympiad Women 2014"]
[Site "Tromso NOR"]
[Date "2014.08.05"]
[Round "4.3"]
[Board "3"]
[White "Tan, Zhongyi"]
[Black "Mamedjarova, Turkan"]
[Result "1-0"]
[WhiteTitle "WGM"]
[BlackTitle "WGM"]
[WhiteElo "2468"]
[BlackElo "2274"]
[WhiteTeam "China"]
[BlackTeam "Azerbaijan"]
[WhiteFideId "8603642"]
[BlackFideId "13402005"]
[EventDate "2014.08.02"]

1. d4 d5 2. c4 e6 3. Nf3 Nf6 4. Nc3 c6 5. Bg5 Nbd7 6. e3 Be7 7. Bd3 O-O 8. O-O
dxc4 9. Bxc4 Nd5 10. Bxe7 Qxe7 11. Rc1 Nxc3 12. Rxc3 e5 13. Bb3 e4 14. Nd2 Nf6
15. Qb1 Re8 16. Rc5 Qc7 17. Rfc1 g6 18. Qc2 Ng4 19. Nf1 Qd6 20. h3 Nf6 21. Nd2
Be6 22. Re5 Bxb3 23. Qxb3 Rxe5 24. dxe5 Qxd2 25. Rd1 Qa5 26. exf6 Qc7 27. Qa4
Qb6 28. Qxe4 Qxb2 29. Qe7 h5 30. Kh2 Qxf2 31. Rd7 Kh7 32. Qxf7+ Kh6 33. Re7 Qb2
34. h4 1-0

[Event "41st Olympiad Women 2014"]
[Site "Tromso NOR"]
[Date "2014.08.05"]
[Round "4.3"]
[Board "4"]
[White "Ibrahimova, Sabina"]
[Black "Guo, Qi"]
[Result "0-1"]
[WhiteTitle "WIM"]
[BlackTitle "WGM"]
[WhiteElo "2263"]
[BlackElo "2453"]
[WhiteTeam "Azerbaijan"]
[BlackTeam "China"]
[WhiteFideId "13403893"]
[BlackFideId "8604002"]
[EventDate "2014.08.02"]

1. e4 c6 2. d4 d5 3. Nc3 dxe4 4. Nxe4 Bf5 5. Ng3 Bg6 6. Nh3 Nf6 7. Bc4 e6 8. O-O
Bd6 9. f4 Qc7 10. Kh1 O-O 11. c3 Nbd7 12. f5 exf5 13. Nxf5 Bxh2 14. Ne7+ Kh8 15.
Nf4 Bxf4 16. Bxf4 Qa5 17. Nxg6+ fxg6 18. b4 Qd8 19. Qd3 Nh5 20. Bd6 Rf6 21. Bh2
Qe7 22. Rae1 Rxf1+ 23. Qxf1 Qh4 24. Re3 Ndf6 25. Qe1 Qxe1+ 26. Rxe1 b5 27. Bb3
Nd5 28. Re6 Rc8 29. Rd6 Nxc3 30. Be6 Rf8 31. Rxc6 Ne2 32. Be5 Nhg3+ 33. Kh2 Nf1+
34. Kh3 h5 35. Kh4 Kh7 36. Rc7 Nf4 37. Bh3 Nxh3 38. Kxh3 Ne3 39. Bxg7 Rf2 40.
Be5+ Kh6 41. Bg3 Rf1 42. Be5 g5 43. Rc6+ Kh7 44. Rc3 Ng4 45. Kg3 Kg6 46. Bb8 Nf6
47. Kh3 Rh1+ 0-1

[Event "41st Olympiad Women 2014"]
[Site "Tromso NOR"]
[Date "2014.08.05"]
[Round "4.4"]
[Board "1"]
[White "Sukandar, Irine Kharisma"]
[Black "Danielian, Elina"]
[Result "1-0"]
[WhiteTitle "WGM"]
[BlackTitle "GM"]
[WhiteElo "2396"]
[BlackElo "2490"]
[WhiteTeam "Indonesia"]
[BlackTeam "Armenia"]
[WhiteFideId "7101937"]
[BlackFideId "13300210"]
[EventDate "2014.08.02"]

1. e4 e6 2. d4 d5 3. Nc3 Bb4 4. e5 c5 5. a3 Bxc3+ 6. bxc3 Ne7 7. Nf3 Qc7 8. h4
b6 9. h5 h6 10. Bb5+ Bd7 11. Bd3 Ba4 12. O-O Nbc6 13. Bf4 cxd4 14. cxd4 Nf5 15.
Qd2 Qd7 16. Rac1 Rc8 17. Rfe1 O-O 18. Ba6 Rc7 19. g4 Nfxd4 20. Nxd4 Nxd4 21.
Qxd4 b5 22. c4 dxc4 23. Qd6 Rd8 24. Rb1 c3 25. Qxd7 Rdxd7 26. Bxb5 c2 27. Bxa4
cxb1=Q 28. Rxb1 Rd4 29. Rb8+ Kh7 30. Rb4 Rxb4 31. axb4 Rc4 32. Bd2 Rd4 33. Bc3
Rxg4+ 34. Kf1 g6 35. hxg6+ Kxg6 36. Bc2+ Kg7 37. Bd3 h5 38. Be2 Rg5 39. Bd2 Rf5
40. f4 h4 41. Bg4 Kg6 42. b5 h3 43. Be3 Rh5 44. Bxh5+ Kxh5 45. Bxa7 Kg4 46. Bg1 1-0

[Event "41st Olympiad Women 2014"]
[Site "Tromso NOR"]
[Date "2014.08.05"]
[Round "4.4"]
[Board "2"]
[White "Mkrtchian, Lilit"]
[Black "Aulia, Medina Warda"]
[Result "1/2-1/2"]
[WhiteTitle "IM"]
[BlackTitle "WGM"]
[WhiteElo "2453"]
[BlackElo "2397"]
[WhiteTeam "Armenia"]
[BlackTeam "Indonesia"]
[WhiteFideId "13300601"]
[BlackFideId "7101570"]
[EventDate "2014.08.02"]

1. Nf3 Nf6 2. c4 e6 3. Nc3 d5 4. d4 Bb4 5. Bg5 h6 6. Bxf6 Qxf6 7. Qa4+ Nc6 8. e3
O-O 9. Be2 dxc4 10. O-O Bd6 11. Qxc4 e5 12. d5 Ne7 13. Ne4 Qf5 14. Rfd1 Ng6 15.
Rac1 Bd7 16. h3 b5 17. Nxd6 cxd6 18. Qc7 Rad8 19. Qxd6 Bc8 20. Qb4 a5 21. Qxb5
e4 22. Nh2 Nh4 23. d6 Qg6 24. g3 Nf3+ 25. Nxf3 exf3 26. Bxf3 Rxd6 27. Rxd6 Qxd6
28. h4 Qf6 29. Bg2 Be6 30. a3 a4 31. Qb4 Rd8 32. Qc3 Qf5 33. e4 Qb5 34. Bf1 Qh5
35. Qe3 Qe5 36. Qe2 Rb8 37. Rc2 h5 38. Rd2 Bg4 39. Qc4 Rxb2 40. Rxb2 Qxb2 41.
Qxa4 Qc1 42. Qe8+ Kh7 43. Qxf7 Be2 44. Qf5+ Kh8 45. Qf8+ Kh7 46. Qf5+ Kh8 47.
Qh3 Qd1 48. f3 Qe1 49. Qc8+ Kh7 50. Qf5+ g6 51. Qf7+ Kh6 52. Qf4+ Kh7 53. Qc7+
Kh6 54. Qf4+ Kh7 55. Qf7+ Kh6 56. Qf8+ Kh7 57. Qf7+ 1/2-1/2

[Event "41st Olympiad Women 2014"]
[Site "Tromso NOR"]
[Date "2014.08.05"]
[Round "4.4"]
[Board "3"]
[White "Sihite, Chelsie Monica Ignesias"]
[Black "Galojan, Lilit"]
[Result "1-0"]
[WhiteTitle "WIM"]
[BlackTitle "IM"]
[WhiteElo "2206"]
[BlackElo "2275"]
[WhiteTeam "Indonesia"]
[BlackTeam "Armenia"]
[WhiteFideId "7101198"]
[BlackFideId "13301314"]
[EventDate "2014.08.02"]

1. e4 c5 2. Nf3 e6 3. d4 cxd4 4. Nxd4 a6 5. Nc3 Qc7 6. Bd3 Nf6 7. O-O Nc6 8. Be3
b5 9. Re1 Bd6 10. h3 O-O 11. Kh1 Rb8 12. Nxc6 dxc6 13. Bg5 Nd7 14. Qh5 e5 15. f4
f6 16. Bh4 g6 17. Qh6 exf4 18. e5 Nxe5 19. Ne4 Bf5 20. Nxf6+ Rxf6 21. Bxf6 Bxd3
22. cxd3 Rf8 23. d4 Rxf6 24. dxe5 Bxe5 25. Rad1 Rd6 26. Qg5 Bf6 27. Qg4 Bxb2 28.
Qe2 Bf6 29. Rxd6 Qxd6 30. Qe6+ Qxe6 31. Rxe6 Bd4 32. Rxc6 a5 33. Rd6 Bc3 34. Rd5
Kf7 35. Rxb5 Kf6 36. Kg1 Ke6 37. Kf1 Kd6 38. Rb7 Kc5 39. Rxh7 Kb4 40. Rb7+ Ka4
41. Rb3 Bb4 42. Ke2 g5 43. Kf3 Bd2 44. Rd3 Be3 45. Kg4 Bc1 46. Kf3 Ba3 47. Ke4
Bc1 48. Rd5 Kb4 49. Kd3 a4 50. Rxg5 Ka3 51. Ra5 1-0

[Event "41st Olympiad Women 2014"]
[Site "Tromso NOR"]
[Date "2014.08.05"]
[Round "4.4"]
[Board "4"]
[White "Kursova, Maria"]
[Black "Citra, Dewi Ardhiani Anastasia"]
[Result "0-1"]
[WhiteTitle "WGM"]
[BlackTitle "WFM"]
[WhiteElo "2313"]
[BlackElo "2128"]
[WhiteTeam "Armenia"]
[BlackTeam "Indonesia"]
[WhiteFideId "4129709"]
[BlackFideId "7101244"]
[EventDate "2014.08.02"]

1. d4 Nf6 2. Nf3 c5 3. d5 b5 4. Bg5 d6 5. e4 a6 6. Nbd2 g6 7. a4 bxa4 8. Rxa4
Bg7 9. Bd3 O-O 10. O-O h6 11. Bh4 Nh5 12. Ra2 Nf4 13. Bc4 g5 14. Bg3 e5 15. Re1
Nd7 16. Qa1 h5 17. h3 a5 18. Bf1 f5 19. exf5 Rxf5 20. Ne4 Nf8 21. Ra3 N8g6 22.
Nfd2 Bf8 23. Rd1 g4 24. hxg4 hxg4 25. Nc4 Ra7 26. f3 gxf3 27. Rxf3 Rh5 28. Qa3
Bg4 29. Bxf4 exf4 30. Be2 Rah7 31. Nf2 Bxf3 32. Bxf3 Rh2 33. Nd2 Bg7 34. Nf1
R2h6 35. c3 c4 36. Qa4 Qb6 37. Qe8+ Nf8 38. g4 fxg3 39. Nxg3 Rg6 40. Kg2 Rxg3+
41. Kxg3 Be5+ 0-1

[Event "41st Olympiad Women 2014"]
[Site "Tromso NOR"]
[Date "2014.08.05"]
[Round "4.5"]
[Board "1"]
[White "Paehtz, Elisabeth"]
[Black "Gunina, Valentina"]
[Result "0-1"]
[WhiteTitle "IM"]
[BlackTitle "GM"]
[WhiteElo "2464"]
[BlackElo "2524"]
[WhiteTeam "Germany"]
[BlackTeam "Russia"]
[WhiteFideId "4641833"]
[BlackFideId "4167570"]
[EventDate "2014.08.02"]

1. e4 c6 2. d4 d5 3. Nc3 dxe4 4. Nxe4 Bf5 5. Ng3 Bg6 6. h4 h6 7. Nf3 Nd7 8. h5
Bh7 9. Bd3 Bxd3 10. Qxd3 e6 11. Bd2 Ngf6 12. O-O-O Be7 13. Kb1 Qb6 14. Ne4 Nxe4
15. Qxe4 Nf6 16. Qe2 Qb5 17. Qe5 Rd8 18. Bc1 O-O 19. Rd3 Rd5 20. Qe2 Rxh5 21.
Re1 c5 22. Ne5 cxd4 23. f4 Bb4 24. Rf1 Rc8 25. g4 Rh3 26. Nf3 Qc4 27. Qd1 Nd5
28. Rxd4 Qb5 29. Qd3 Qb6 30. Rc4 Rd8 31. Ka1 Bc5 32. Qe4 Be3 33. f5 exf5 34.
Qxf5 Bxc1 0-1

[Event "41st Olympiad Women 2014"]
[Site "Tromso NOR"]
[Date "2014.08.05"]
[Round "4.5"]
[Board "3"]
[White "Ohme, Melanie"]
[Black "Girya, Olga"]
[Result "1-0"]
[WhiteTitle "WGM"]
[BlackTitle "WGM"]
[WhiteElo "2301"]
[BlackElo "2484"]
[WhiteTeam "Germany"]
[BlackTeam "Russia"]
[WhiteFideId "4690745"]
[BlackFideId "4195752"]
[EventDate "2014.08.02"]

1. e4 c5 2. Nf3 e6 3. d4 cxd4 4. Nxd4 Nc6 5. Nc3 Qc7 6. Be3 a6 7. Qd2 Nf6 8. f4
Bb4 9. Bd3 Na5 10. a3 Bxc3 11. Qxc3 Qxc3+ 12. bxc3 d5 13. e5 Ne4 14. Nb3 Nc4 15.
Bxc4 dxc4 16. Na5 Bd7 17. Bd4 Rc8 18. Nxb7 Bc6 19. Na5 Bd5 20. Rb1 Kd7 21. Ke2
f5 22. Rb6 Rhg8 23. Rg1 g5 24. fxg5 f4 25. h4 h6 26. gxh6 Rg4 27. Rxa6 Rxh4 28.
Bb6 Rxh6 29. Ra7+ Ke8 30. Rg7 Rh8 31. Bd4 Rb8 32. Rc7 Kd8 33. Rxc4 Rb2 34. Rb4
Rxc2+ 35. Kd1 Rd2+ 36. Kc1 Rh2 37. Bb6+ Kd7 38. Rxe4 Ra2 39. Rxf4 1-0

[Event "41st Olympiad Women 2014"]
[Site "Tromso NOR"]
[Date "2014.08.05"]
[Round "4.5"]
[Board "4"]
[White "Pogonina, Natalija"]
[Black "Hoolt, Sarah"]
[Result "1/2-1/2"]
[WhiteTitle "WGM"]
[BlackTitle "WGM"]
[WhiteElo "2479"]
[BlackElo "2318"]
[WhiteTeam "Russia"]
[BlackTeam "Germany"]
[WhiteFideId "4147855"]
[BlackFideId "24606812"]
[EventDate "2014.08.02"]

1. e4 c5 2. Nf3 e6 3. d4 cxd4 4. Nxd4 Nc6 5. Nc3 Qc7 6. Be2 a6 7. O-O Nf6 8. Be3
Be7 9. f4 d6 10. Kh1 O-O 11. a4 Re8 12. Qd2 Bd7 13. Nf3 d5 14. e5 Ng4 15. Bg1 f6
16. exf6 Nxf6 17. Rad1 Bb4 18. Qe3 Rac8 19. Qb6 Qb8 20. Nd4 Bd6 21. Nxc6 Bxc6
22. Qf2 e5 23. fxe5 Bxe5 24. Bf3 Ne4 25. Nxe4 dxe4 26. Bg4 Rc7 27. b3 b5 28.
axb5 axb5 29. Bh5 Ree7 30. Qe2 Bf6 31. Bc5 e3 32. Bxe7 Rxe7 33. Bf3 Be8 34. c4
Qb6 35. Rd5 bxc4 36. bxc4 Rc7 37. Rd3 Re7 38. Bd5+ Kh8 39. Ra3 g6 40. Ra2 Kg7
41. Qf3 Qd4 42. g4 h6 43. h3 Bd7 44. Re2 Bc8 45. Qf4 Qxf4 46. Rxf4 h5 47. gxh5
Bg5 48. Rf3 gxh5 49. Kh2 h4 50. Rf1 Bd7 51. Rf3 1/2-1/2

[Event "41st Olympiad Women 2014"]
[Site "Tromso NOR"]
[Date "2014.08.05"]
[Round "4.6"]
[Board "1"]
[White "Peng, Zhaoqin"]
[Black "Khotenashvili, Bela"]
[Result "0-1"]
[WhiteTitle "GM"]
[BlackTitle "GM"]
[WhiteElo "2391"]
[BlackElo "2494"]
[WhiteTeam "Netherlands"]
[BlackTeam "Georgia"]
[WhiteFideId "1004786"]
[BlackFideId "13602640"]
[EventDate "2014.08.02"]

1. d4 d5 2. c4 e6 3. Nf3 Nf6 4. Nc3 Bb4 5. cxd5 exd5 6. Qa4+ Nc6 7. Bg5 h6 8.
Bxf6 Qxf6 9. e3 O-O 10. Be2 a6 11. O-O Be6 12. Rfc1 Bd6 13. Qd1 Ne7 14. Na4 b6
15. Qf1 Bg4 16. Nc3 c5 17. Qd1 c4 18. a4 Rab8 19. b3 b5 20. axb5 axb5 21. bxc4
dxc4 22. h3 Bxf3 23. Bxf3 Rfc8 24. Nd5 Qe6 25. Nxe7+ Bxe7 26. Qe2 b4 27. e4 c3
28. d5 Qe5 0-1

[Event "41st Olympiad Women 2014"]
[Site "Tromso NOR"]
[Date "2014.08.05"]
[Round "4.6"]
[Board "3"]
[White "Muhren, Bianca"]
[Black "Melia, Salome"]
[Result "1/2-1/2"]
[WhiteTitle "WGM"]
[BlackTitle "IM"]
[WhiteElo "2314"]
[BlackElo "2475"]
[WhiteTeam "Netherlands"]
[BlackTeam "Georgia"]
[WhiteFideId "1008498"]
[BlackFideId "13602446"]
[EventDate "2014.08.02"]

1. e4 c5 2. Nf3 Nc6 3. d4 cxd4 4. Nxd4 Nf6 5. Nc3 e5 6. Ndb5 d6 7. Bg5 a6 8. Na3
b5 9. Nd5 Be7 10. Bxf6 Bxf6 11. c3 Rb8 12. Nc2 Bg5 13. a4 bxa4 14. Ncb4 Bd7 15.
Bxa6 Nxb4 16. cxb4 O-O 17. O-O Bc6 18. b5 Bxb5 19. Bxb5 Rxb5 20. Qc2 Qb8 21.
Rfb1 Rc8 22. Qxa4 Rxb2 23. Rxb2 Qxb2 24. g3 g6 25. h4 Qxa1+ 26. Qxa1 Rc1+ 27.
Qxc1 Bxc1 28. f3 Kg7 29. g4 h5 30. gxh5 gxh5 31. Kg2 Bd2 32. Kf2 Ba5 33. Kg3 Bd8
34. Kh3 Kg6 35. Ne3 Kf6 36. Kg3 Ba5 37. Kh3 Bd8 38. Kg3 Ke6 39. Kh3 Be7 40. Kg3
Bf8 41. Kh3 Kf6 42. Nd5+ Kg6 43. Ne3 f5 44. Nxf5 d5 45. Ne3 d4 46. Nc4 Kf6 47.
Nb2 Ke6 48. Nd3 Be7 49. Kg3 Kd6 50. f4 exf4+ 51. Nxf4 Bxh4+ 52. Kf3 Bf6 53. Nxh5
Be5 54. Nf4 Bxf4 55. Kxf4 Ke6 56. e5 d3 57. Ke3 Kxe5 58. Kxd3 1/2-1/2

[Event "41st Olympiad Women 2014"]
[Site "Tromso NOR"]
[Date "2014.08.05"]
[Round "4.6"]
[Board "4"]
[White "Batsiashvili, Nino"]
[Black "Lanchava, Tea"]
[Result "1/2-1/2"]
[WhiteTitle "IM"]
[BlackTitle "IM"]
[WhiteElo "2435"]
[BlackElo "2276"]
[WhiteTeam "Georgia"]
[BlackTeam "Netherlands"]
[WhiteFideId "13602993"]
[BlackFideId "1005308"]
[EventDate "2014.08.02"]

1. d4 g6 2. c4 Bg7 3. Nc3 d6 4. Nf3 c6 5. g3 Nd7 6. Bg2 Nh6 7. O-O O-O 8. b3 Qc7
9. Ba3 Re8 10. Qd2 Nf8 11. h3 Qa5 12. Bb2 e5 13. Rfd1 f5 14. e4 Nf7 15. exf5 Bh6
16. Qe1 gxf5 17. dxe5 Bg7 18. Ne2 Qxe1+ 19. Rxe1 dxe5 20. Nd2 Ne6 21. Rad1 Nc5
22. Nf1 a5 23. Nf4 e4 24. Bxg7 Kxg7 25. Ne3 Ne5 26. Rd4 Ned3 27. Nxd3 Nxd3 28.
Rd1 a4 29. g4 axb3 30. axb3 Ra2 31. gxf5 Nxf2 32. R1d2 Rxd2 33. Rxd2 Nd3 34. Ra2
Kf6 35. Ra8 Ke5 36. Kf1 h5 37. h4 Bd7 38. Rxe8+ Bxe8 39. Nd1 Nf4 40. Bh1 Kxf5
41. Kf2 Ng6 42. Nc3 Nxh4 43. Nxe4 Ke5 44. Nc5 b6 45. Nd3+ Kd4 46. Nb4 c5 47. Na6
Kc3 48. Bd5 Nf5 49. Nc7 Nd6 50. Na8 b5 51. cxb5 Bxb5 52. Nc7 Bd7 53. Bg8 Ne4+
54. Ke3 Nf6 55. Bc4 h4 56. Kf4 h3 57. Kg3 Ne4+ 58. Kh2 Nd2 59. Ne6 Nxc4 60. Nxc5
Ne5 61. Nxd7 1/2-1/2

[Event "41st Olympiad Women 2014"]
[Site "Tromso NOR"]
[Date "2014.08.05"]
[Round "4.7"]
[Board "1"]
[White "Hoang, Thanh Trang"]
[Black "Ordaz Valdes, Lisandra Teresa"]
[Result "1/2-1/2"]
[WhiteTitle "GM"]
[BlackTitle "WGM"]
[WhiteElo "2485"]
[BlackElo "2345"]
[WhiteTeam "Hungary"]
[BlackTeam "Cuba"]
[WhiteFideId "12400149"]
[BlackFideId "3506940"]
[EventDate "2014.08.02"]

1. d4 Nf6 2. c4 e6 3. Nc3 Bb4 4. Qc2 d5 5. cxd5 exd5 6. Bg5 c5 7. dxc5 h6 8. Bh4
g5 9. Bg3 Ne4 10. e3 Qa5 11. Rc1 Qxa2 12. Bb5+ Bd7 13. Bxd7+ Nxd7 14. Ne2 Nxc3
15. Nxc3 Qc4 16. Bd6 Nxc5 17. Bxc5 Qxc5 18. O-O Bxc3 19. Qa4+ Qc6 20. Qa3 Qa6
21. Qxa6 bxa6 22. Rxc3 O-O 23. Rc6 Kg7 24. h4 Rfb8 25. Rd1 Rxb2 26. Rxd5 Rb6 27.
Rc7 Rb5 28. Rdd7 Rf8 29. Rxa7 a5 30. h5 g4 31. Rd4 Rg5 32. g3 Rxh5 33. Rxg4+ Rg5
34. Rf4 Re5 35. Kg2 Kg6 36. Ra6+ Kg7 37. Rg4+ Rg5 38. Rxg5+ hxg5 39. Kf3 f6 40.
Rxa5 Re8 41. Kg4 Kg6 42. Ra7 Rb8 43. Kf3 Rb2 44. g4 Rb3 45. Re7 Ra3 46. Rd7 Ra2
47. Rd3 Ra1 48. Kg2 Ra2 49. Kg3 Ra1 50. f4 Rg1+ 51. Kh3 gxf4 52. exf4 Rh1+ 53.
Kg2 Ra1 54. Rd6 Kf7 55. Kf3 Rg1 56. Rd7+ Ke6 57. Ra7 Rf1+ 58. Ke3 Rg1 59. Ra6+
Kf7 60. Kf3 Re1 61. Ra7+ Kf8 62. Ra3 Kf7 63. Re3 Rg1 64. Rc3 Re1 65. Rc2 Kf8 66.
Re2 Rg1 67. Re4 Kf7 68. f5 Kf8 69. Ke3 Kf7 70. Kd4 Rd1+ 71. Kc5 Kg7 72. Rd4 Ra1
73. Rd7+ Kh6 74. Rf7 Kg5 75. Rg7+ Kf4 76. Kd6 Re1 77. Rg6 Ra1 78. Ke7 Ke5 79.
Rg7 Ra6 80. Kf7 Kf4 81. Kg6 Kxg4 82. Rf7 Ra8 83. Rxf6 Rg8+ 84. Kf7 Ra8 85. Kg7
Kg5 86. Rf7 Ra5 87. f6 Ra6 88. Rf8 Rb6 89. f7 Rg6+ 90. Kh7 Rh6+ 1/2-1/2

[Event "41st Olympiad Women 2014"]
[Site "Tromso NOR"]
[Date "2014.08.05"]
[Round "4.7"]
[Board "2"]
[White "Marrero Lopez, Yaniet"]
[Black "Madl, Ildiko"]
[Result "1/2-1/2"]
[WhiteTitle "WGM"]
[BlackTitle "IM"]
[WhiteElo "2324"]
[BlackElo "2347"]
[WhiteTeam "Cuba"]
[BlackTeam "Hungary"]
[WhiteFideId "3503950"]
[BlackFideId "700550"]
[EventDate "2014.08.02"]

1. e4 c5 2. Nf3 d6 3. Bb5+ Bd7 4. Bxd7+ Qxd7 5. O-O Nf6 6. Qe2 Nc6 7. c3 e6 8.
Rd1 Be7 9. d4 cxd4 10. cxd4 d5 11. Nc3 Nxe4 12. Nxe4 dxe4 13. Qxe4 Rd8 14. Qg4
Bf6 15. Be3 O-O 16. h4 Qe7 17. Ng5 Rd7 18. a3 Rfd8 19. Qe4 Bxg5 20. Bxg5 f6 21.
Be3 Rd5 22. Re1 f5 23. Qf4 Nxd4 24. Bxd4 Rxd4 25. Qxf5 exf5 26. Rxe7 R8d7 27.
Rae1 Kf8 28. Rxd7 Rxd7 29. Re5 g6 30. g3 Kf7 31. a4 Kf6 32. Rb5 b6 33. a5 bxa5
34. Rxa5 Rb7 35. Kg2 Rxb2 1/2-1/2

[Event "41st Olympiad Women 2014"]
[Site "Tromso NOR"]
[Date "2014.08.05"]
[Round "4.7"]
[Board "3"]
[White "Gara, Anita"]
[Black "Vigoa Apecheche, Yanira"]
[Result "1-0"]
[WhiteTitle "IM"]
[BlackTitle "WGM"]
[WhiteElo "2327"]
[BlackElo "2317"]
[WhiteTeam "Hungary"]
[BlackTeam "Cuba"]
[WhiteFideId "709751"]
[BlackFideId "3507041"]
[EventDate "2014.08.02"]

1. e4 c5 2. Nf3 e6 3. b3 Nc6 4. Bb2 d6 5. d4 cxd4 6. Nxd4 Nxd4 7. Qxd4 Nf6 8.
Nc3 Be7 9. Bb5+ Bd7 10. Bxd7+ Qxd7 11. Rd1 Qc6 12. O-O O-O 13. Rfe1 Rfd8 14. Rd3
e5 15. Qe3 b5 16. Re2 b4 17. Nd5 Nxd5 18. Rxd5 Qa6 19. c4 bxc3 20. Bxc3 Rdc8 21.
Red2 h6 22. h4 Qc6 23. Bb2 a5 24. a4 Rcb8 25. g3 Rb6 26. R2d3 Qb7 27. Bxe5 dxe5
28. Rd7 Bg5 29. hxg5 Qa6 30. Qf3 Rf8 31. Rxf7 Rxf7 32. Rd8+ Kh7 33. Qxf7 hxg5
34. Rg8 Rg6 35. Qe8 1-0

[Event "41st Olympiad Women 2014"]
[Site "Tromso NOR"]
[Date "2014.08.05"]
[Round "4.7"]
[Board "4"]
[White "Arribas Robaina, Maritza"]
[Black "Gara, Ticia"]
[Result "0-1"]
[WhiteTitle "WGM"]
[BlackTitle "WGM"]
[WhiteElo "2291"]
[BlackElo "2321"]
[WhiteTeam "Cuba"]
[BlackTeam "Hungary"]
[WhiteFideId "3501418"]
[BlackFideId "717444"]
[EventDate "2014.08.02"]

1. e4 c5 2. Nf3 d6 3. Bb5+ Nd7 4. O-O Nf6 5. Re1 a6 6. Bxd7+ Bxd7 7. c3 Bc6 8.
d4 Bxe4 9. Bg5 Bg6 10. Nbd2 Qc7 11. dxc5 Qxc5 12. Bxf6 gxf6 13. Ne4 Bxe4 14.
Rxe4 O-O-O 15. Qd3 d5 16. Rh4 h6 17. Rd1 e6 18. c4 Be7 19. Qe2 dxc4 20. Rxd8+
Rxd8 21. Rxc4 Rd1+ 22. Qxd1 Qxc4 23. b3 Qc3 24. Ne1 f5 25. g3 Kc7 26. Nd3 e5 27.
Qe2 f6 28. Kg2 Qc6+ 29. Kg1 Qe4 30. Qd1 Kb6 31. Nb2 Ka7 32. Nd3 Qd4 33. Qc2 Bd8
34. Nc5 Bb6 35. Nd3 f4 36. Nb2 e4 37. gxf4 e3 38. fxe3 Qxe3+ 39. Kg2 Qxf4 40.
Nd3 Qg4+ 41. Kf1 Qg1+ 42. Ke2 Qxh2+ 43. Kd1 Qxc2+ 44. Kxc2 h5 45. Nf4 h4 46. Kd3
Bc7 47. Nh3 f5 48. Kd4 Kb6 49. Kd5 Bg3 50. a4 f4 51. Ng5 f3 0-1

[Event "41st Olympiad Women 2014"]
[Site "Tromso NOR"]
[Date "2014.08.05"]
[Round "4.8"]
[Board "1"]
[White "Camacho, Chardine Cheradee"]
[Black "Vega Gutierrez, Sabrina"]
[Result "0-1"]
[WhiteTitle "WIM"]
[BlackTitle "IM"]
[WhiteElo "2214"]
[BlackElo "2395"]
[WhiteTeam "Philippines"]
[BlackTeam "Spain"]
[WhiteFideId "5201829"]
[BlackFideId "2219026"]
[EventDate "2014.08.02"]

1. e4 e5 2. Nf3 d6 3. d4 exd4 4. Nxd4 Nf6 5. Nc3 Be7 6. Be2 O-O 7. O-O Re8 8. f4
Bf8 9. Bf3 c5 10. Nde2 Nc6 11. h3 Rb8 12. g4 h6 13. Be3 Bd7 14. Bf2 b5 15. Ng3
b4 16. Nd5 Nxd5 17. exd5 Nd4 18. Bxd4 cxd4 19. Qxd4 g6 20. Ne4 Bg7 21. Qxa7 Rb6
22. Rab1 f5 23. Ng3 Bd4+ 24. Kg2 Qc8 25. Rbe1 Qxc2+ 26. Re2 Qc8 27. Rfe1 Rd8 28.
Re6 Bxe6 29. dxe6 Kh8 30. gxf5 gxf5 31. Qf7 Qc2+ 32. Re2 Qd1 33. Bd5 Rbb8 34.
Qg6 Bg7 35. Qxf5 Rb5 36. e7 Re8 37. Re5 Qd2+ 38. Kh1 Qd1+ 39. Kg2 Qd2+ 40. Kh1
dxe5 41. Be4 Qe1+ 42. Kg2 Qxg3+ 43. Kh1 Qe1+ 44. Kg2 Qd2+ 45. Kg1 Qc1+ 46. Kg2
Qxb2+ 47. Bc2 Qxc2+ 48. Qxc2 exf4 49. Qc6 Rg5+ 50. Kf3 Rxe7 51. Qc8+ Kh7 52.
Qc2+ Rg6 53. Kxf4 Bc3 54. Kf3 Kg7 55. Qd3 Rf6+ 56. Kg2 Ref7 57. Qd5 Rg6+ 58. Kh1
Rf1+ 59. Kh2 Rg5 60. Qd7+ Rf7 61. Qd3 Be5+ 62. Kh1 Rc7 63. Qe3 Rc3 0-1